| 000 | 00366nam a2200145Ia 4500 | ||
|---|---|---|---|
| 008 | 210210b1976 xxu||||| |||| 00| 0 eng d | ||
| 020 | _a0 697 07532 X | ||
| 082 | _a301 BROS | ||
| 100 | _aBROWN COMPANY PUBLISHERS. | ||
| 245 | _aSocial problems. | ||
| 260 |
_aUSA _bWM C Brown co. publishers _c1976 |
||
| 300 | _aviii,86 | ||
| 690 | _aSociology | ||
| 906 | _aSG02280 | ||
| 999 |
_c113584 _d113584 |
||